<?xml version="1.0" encoding="UTF-8"?>
<record
    xmlns:xsi="http://www.w3.org/2001/XMLSchema-instance"
    xsi:schemaLocation="http://www.loc.gov/MARC21/slim http://www.loc.gov/standards/marcxml/schema/MARC21slim.xsd"
    xmlns="http://www.loc.gov/MARC21/slim">

  <leader>01009nam a22002657a 4500</leader>
  <datafield tag="952" ind1=" " ind2=" ">
    <subfield code="a">0001</subfield>
    <subfield code="b">0001</subfield>
    <subfield code="d">2020-01-20</subfield>
    <subfield code="l">0</subfield>
    <subfield code="o">320.5322092 G62h 2016</subfield>
    <subfield code="p">013498</subfield>
    <subfield code="r">2020-01-20 00:00:00</subfield>
    <subfield code="w">2020-01-20</subfield>
    <subfield code="y">BKS</subfield>
  </datafield>
  <datafield tag="999" ind1=" " ind2=" ">
    <subfield code="c">13718</subfield>
    <subfield code="d">13718</subfield>
  </datafield>
  <controlfield tag="003">MIRAKIL</controlfield>
  <controlfield tag="005">20200120171019.0</controlfield>
  <controlfield tag="008">200120b        tu ||||| |||| 00| 0 tur d</controlfield>
  <datafield tag="020" ind1=" " ind2=" ">
    <subfield code="a">9789757399988</subfield>
  </datafield>
  <datafield tag="040" ind1=" " ind2=" ">
    <subfield code="a">TR-AnCHP</subfield>
    <subfield code="c">TR-AnCHP</subfield>
  </datafield>
  <datafield tag="041" ind1=" " ind2=" ">
    <subfield code="a">tur</subfield>
  </datafield>
  <datafield tag="082" ind1=" " ind2=" ">
    <subfield code="a">320.5322092</subfield>
    <subfield code="b">G62h 2016</subfield>
  </datafield>
  <datafield tag="100" ind1=" " ind2=" ">
    <subfield code="a">Gramsci, Antonio</subfield>
  </datafield>
  <datafield tag="245" ind1="1" ind2="0">
    <subfield code="a">Hapishane defterleri : </subfield>
    <subfield code="b">tarih, poltika, felsefe ve k&#xFC;lt&#xFC;r sorunlar&#x131; &#xFC;zerine se&#xE7;me metinler /</subfield>
    <subfield code="c">Antonio Gramsci ; Frans&#x131;zcas&#x131;ndan dilimize &#xE7;eviren: Kenan Somer</subfield>
  </datafield>
  <datafield tag="246" ind1=" " ind2=" ">
    <subfield code="a">tarih, poltika, felsefe ve k&#xFC;lt&#xFC;r sorunlar&#x131; &#xFC;zerine se&#xE7;me metinler</subfield>
  </datafield>
  <datafield tag="250" ind1=" " ind2=" ">
    <subfield code="a">2 bs.</subfield>
  </datafield>
  <datafield tag="260" ind1=" " ind2=" ">
    <subfield code="a">Ankara:</subfield>
    <subfield code="b">Sol yay&#x131;nlar&#x131;,</subfield>
    <subfield code="c">2016.</subfield>
  </datafield>
  <datafield tag="300" ind1=" " ind2=" ">
    <subfield code="a">285 s.:</subfield>
    <subfield code="c">19 sm.</subfield>
  </datafield>
  <datafield tag="500" ind1=" " ind2=" ">
    <subfield code="a">&#xD6;zg&#xFC;n yap&#x131;t ad&#x131;:Lettres de prison.</subfield>
  </datafield>
  <datafield tag="600" ind1=" " ind2="0">
    <subfield code="9">6215</subfield>
    <subfield code="a">Gramsci, Antonio</subfield>
    <subfield code="c">&#x130;talyan Siyaset&#xE7;i</subfield>
    <subfield code="d">1891-1937</subfield>
  </datafield>
  <datafield tag="650" ind1=" " ind2="0">
    <subfield code="9">611</subfield>
    <subfield code="a">kom&#xFC;nizm</subfield>
    <subfield code="z">&#x130;talya</subfield>
  </datafield>
  <datafield tag="700" ind1=" " ind2=" ">
    <subfield code="9">6216</subfield>
    <subfield code="a">Somer, Kenan</subfield>
    <subfield code="e">&#xE7;ev.</subfield>
  </datafield>
  <datafield tag="740" ind1=" " ind2=" ">
    <subfield code="a">tarih, poltika, felsefe ve k&#xFC;lt&#xFC;r sorunlar&#x131; &#xFC;zerine se&#xE7;me metinler</subfield>
  </datafield>
  <datafield tag="942" ind1=" " ind2=" ">
    <subfield code="2">ddc</subfield>
    <subfield code="c">BKS</subfield>
  </datafield>
</record>
